000 00285nam a2200121Ia 4500
005 20251222143215.0
008 251222s9999||||xx |||||||||||||| ||spa||
020 _a0-00-329473-0
082 _a428/C75H
245 0 _aHelpful Ideas for Harassed Heads
264 _bCollins
942 _cLIB
999 _c13610
_d13610